| 000 | 00389nam a2200169Ia 4500 | ||
|---|---|---|---|
| 008 | 151213s9999 xx 000 0 und d | ||
| 020 | _a81-7118-018-3 | ||
| 100 | _aH.S.Pathak | ||
| 245 |
_aThe India Contract Act _cH.S.Pathak |
||
| 250 | _a11th | ||
| 260 |
_aBombay _bI.T.I.Press _c1990 |
||
| 300 | _a8026 p. | ||
| 650 | _aLaw | ||
| 650 | _aLaw | ||
| 700 | _aH.S.Pathak | ||
| 999 |
_c4062 _d4062 |
||